Základy polymérneho inžinierstva Technologické výpočty vo výrobe chemických vlákien

Salvato in:
Dettagli Bibliografici
Autore principale: Svitek, Justín
Natura: Libro
Lingua:slovacco
Pubblicazione: Bratislava Slovenská vysoká škola technická 1983
Edizione:1. vyd.
Soggetti:
Accesso online:Visualizza in OPAC
Tags: Aggiungi Tag
Nessun Tag, puoi essere il primo ad aggiungerne!!

MARC

LEADER 00000nam a2200000 a 4500
005 20260127134411.0
008 180815s1983 xo 0 slo
015 |a SNBA1983/08 
020 |c 6,50 Kčs. (75 výtl.) 
035 |a vtls001092050 
035 |a SNK000034892 
039 9 |a 201808151644  |b VLOAD  |c 201808141810  |d VLOAD  |c 201808141810  |d VLOAD  |c 201610061555  |d VLOAD  |y 200412241013  |z VLOAD 
040 |a SNK  |b slo  |c SNK  |d STUSCHK1  |e AACR2 
041 0 |a slo 
044 |a xo  |c SK 
080 |a 677.4(075.8)  |2 1981 
100 1 |a Svitek, Justín 
245 0 |a Základy polymérneho inžinierstva  |b Technologické výpočty vo výrobe chemických vlákien  |c Justín Svitek 
250 |a 1. vyd. 
260 |a Bratislava  |b Slovenská vysoká škola technická  |c 1983  |e Bratislava  |f Edičné stredisko SVŠT 
300 |a 131 s., 7,868 AH  |b Sch. Grafy.  |c 29 cm 
500 |a Lit. 18. Zozn. použ. symbolov a skr. Schválilo MŠ SSR ako skriptum. Rozmn. 18 zázn. v slov., češ., ruš. a angl. 
650 0 7 |a [BK]  |2 SNK 
910 |a SCHK95 
954 |a vlákna chemické  |x výroba  |x výpočty technologické  |x učebnice VŠ 
958 |a OND 
958 |a NB 
958 |a RM 
958 |a UV 
999 |c 11839  |d 11839